[Event "Russian Rapid Championship (m)"]
[Site "Sochi"]
[Date "2022.10.15"]
[Round "5.4"]
[White "Dzhumagaliev, Yan"]
[Black "Savchenko, Boris"]
[Result "1/2-1/2"]
[BlackElo "2605"]
[WhiteElo "2479"]
[LiveChessVersion "1.4.8"]

1. Nf3 {[%clk 0:15:18]} e6 {[%clk 0:14:42]} 2. d4 {[%clk 0:15:16]} c5
{[%clk 0:14:43]} 3. g3 {[%clk 0:15:04]} b5 {[%clk 0:14:47]} 4. Bg2
{[%clk 0:15:09]} Bb7 {[%clk 0:14:54]} 5. O-O {[%clk 0:14:44]} Nf6
{[%clk 0:15:01]} 6. b3 {[%clk 0:14:38]} cxd4 {[%clk 0:14:52]} 7. Bb2
{[%clk 0:14:44]} Be7 8. Bxd4 {[%clk 0:14:32]} O-O {[%clk 0:14:56]} 9. Bb2
{[%clk 0:14:31]} a6 {[%clk 0:15:02]} 10. Nbd2 {[%clk 0:14:09]} d5
{[%clk 0:15:07]} 11. c4 {[%clk 0:14:09]} dxc4 {[%clk 0:15:13]} 12. bxc4
{[%clk 0:14:17]} b4 {[%clk 0:15:20]} 13. Qc2 {[%clk 0:14:06]} Nbd7
{[%clk 0:15:27]} 14. Rfd1 {[%clk 0:13:43]} Qc7 {[%clk 0:15:31]} 15. e4
{[%clk 0:13:50]} Bc5 {[%clk 0:14:06]} 16. Nd4 {[%clk 0:13:32]} Rac8
{[%clk 0:13:10]} 17. N2b3 {[%clk 0:12:10]} Bxd4 {[%clk 0:12:11]} 18. Bxd4
{[%clk 0:11:39]} e5 {[%clk 0:12:15]} 19. Be3 {[%clk 0:10:46]} a5 {[%clk 0:12:10]}
20. h3 {[%clk 0:09:53]} a4 {[%clk 0:12:01]} 21. Nd2 {[%clk 0:09:59]} Qa5
{[%clk 0:11:47]} 22. Rab1 {[%clk 0:08:05]} Nc5 {[%clk 0:11:54]} 23. Bxc5
{[%clk 0:08:13]} Rxc5 {[%clk 0:11:29]} 24. Qb2 {[%clk 0:07:38]} Rd8
{[%clk 0:11:37]} 25. Qxb4 {[%clk 0:05:31]} Qxb4 {[%clk 0:11:44]} 26. Rxb4
{[%clk 0:05:39]} Bxe4 {[%clk 0:11:50]} 27. Rc1 {[%clk 0:05:41]} Bxg2
{[%clk 0:09:32]} 28. Kxg2 {[%clk 0:05:50]} h5 {[%clk 0:09:39]} 29. Rc2
{[%clk 0:05:44]} h4 {[%clk 0:09:28]} 30. Rxa4 {[%clk 0:04:11]} Rd3
{[%clk 0:09:22]} 31. Nb3 {[%clk 0:03:28]} Rc8 {[%clk 0:09:31]} 32. c5
{[%clk 0:02:53]} hxg3 {[%clk 0:09:37]} 33. fxg3 {[%clk 0:02:49]} Nd5
{[%clk 0:09:41]} 34. Kh2 {[%clk 0:01:44]} f5 {[%clk 0:09:04]} 35. c6
{[%clk 0:01:17]} e4 {[%clk 0:09:11]} 36. Rd4 {[%clk 0:00:50]} Rc3
{[%clk 0:06:03]} 37. Rxc3 {[%clk 0:00:43]} Nxc3 {[%clk 0:06:11]} 38. Rc4
{[%clk 0:00:39]} Nd5 {[%clk 0:06:13]} 39. Nd4 {[%clk 0:00:41]} Kf7
{[%clk 0:06:06]} 40. Nxf5 {[%clk 0:00:36]} Ke6 {[%clk 0:06:14]} 41. Ne3
{[%clk 0:00:17]} Ke5 {[%clk 0:06:22]} 42. Nxd5 {[%clk 0:00:25]} Kxd5
{[%clk 0:06:31]} 43. Rc1 {[%clk 0:00:32]} Kd4 {[%clk 0:06:27]} 44. Kg2
{[%clk 0:00:34]} Ke3 {[%clk 0:06:32]} 45. c7 {[%clk 0:00:20]} Kd2
{[%clk 0:06:38]} 46. Rc6 {[%clk 0:00:27]} e3 {[%clk 0:06:47]} 47. Rd6+
{[%clk 0:00:32]} Ke1 {[%clk 0:06:46]} 48. Rd7 {[%clk 0:00:40]} Rf8
{[%clk 0:06:39]} 49. Rd8 {[%clk 0:00:13]} 1/2-1/2

[Event "Russian Rapid Championship (m)"]
[Site "Sochi"]
[Date "2022.10.15"]
[Round "5.5"]
[White "Bryakin, Mikhail"]
[Black "Timofeev, Artyom"]
[Result "1/2-1/2"]
[BlackElo "2560"]
[WhiteElo "2369"]
[LiveChessVersion "1.4.8"]

1. d4 {[%clk 0:15:18]} Nf6 {[%clk 0:15:18]} 2. Nc3 {[%clk 0:15:26]} d5
{[%clk 0:15:21]} 3. Bf4 {[%clk 0:15:34]} a6 {[%clk 0:13:30]} 4. e3
{[%clk 0:15:42]} b5 {[%clk 0:13:14]} 5. Nf3 {[%clk 0:15:48]} e6 {[%clk 0:13:10]}
6. Bd3 {[%clk 0:15:41]} Bb7 {[%clk 0:13:13]} 7. O-O {[%clk 0:15:34]} Nbd7
{[%clk 0:13:18]} 8. Ne5 {[%clk 0:15:10]} c5 {[%clk 0:13:13]} 9. dxc5
{[%clk 0:15:02]} Nxc5 {[%clk 0:13:14]} 10. Ne2 {[%clk 0:14:57]} Bd6
{[%clk 0:12:44]} 11. Nf3 {[%clk 0:13:59]} O-O {[%clk 0:12:39]} 12. c3
{[%clk 0:13:34]} Qc7 {[%clk 0:12:35]} 13. Bxd6 {[%clk 0:13:41]} Qxd6
{[%clk 0:12:43]} 14. Bc2 {[%clk 0:13:50]} e5 {[%clk 0:12:12]} 15. Ng3
{[%clk 0:13:58]} g6 {[%clk 0:12:12]} 16. Qe2 {[%clk 0:14:01]} Rfe8
{[%clk 0:11:51]} 17. Rfd1 {[%clk 0:14:09]} Qc7 {[%clk 0:11:51]} 18. h3
{[%clk 0:12:50]} Rac8 {[%clk 0:10:49]} 19. Rac1 {[%clk 0:12:39]} Ne6
{[%clk 0:09:31]} 20. Qf1 {[%clk 0:11:46]} Kg7 {[%clk 0:09:00]} 21. Bb1
{[%clk 0:11:38]} Nc5 {[%clk 0:09:00]} 22. Bc2 {[%clk 0:11:00]} Qb6
{[%clk 0:09:04]} 23. a3 {[%clk 0:09:47]} Rcd8 {[%clk 0:08:27]} 24. Qe2 Qc6 25.
Qf1 {[%clk 0:08:14]} Ncd7 {[%clk 0:08:20]} 26. Nd2 {[%clk 0:07:35]} Nb6 27. f4
exf4 {[%clk 0:06:03]} 28. exf4 {[%clk 0:06:26]} Nc4 {[%clk 0:04:50]} 29. Nxc4
{[%clk 0:06:28]} dxc4 {[%clk 0:04:58]} 30. Rxd8 {[%clk 0:06:00]} Rxd8
{[%clk 0:05:06]} 31. Qf2 {[%clk 0:04:40]} Re8 {[%clk 0:04:17]} 32. Rd1
{[%clk 0:03:20]} h5 {[%clk 0:04:01]} 33. Rd2 {[%clk 0:03:27]} Re7
{[%clk 0:01:16]} 34. Re2 {[%clk 0:03:01]} Rd7 {[%clk 0:01:07]} 35. Rd2
{[%clk 0:02:59]} h4 {[%clk 0:00:51]} 36. Nf1 {[%clk 0:03:08]} Rxd2
{[%clk 0:00:48]} 37. Nxd2 {[%clk 0:02:51]} Qd6 {[%clk 0:00:50]} 38. Nf1
{[%clk 0:01:20]} Nh5 {[%clk 0:00:56]} 39. Qxh4 {[%clk 0:00:42]} Nxf4 40. Ne3
{[%clk 0:00:28]} Ne2+ {[%clk 0:00:29]} 41. Kf1 {[%clk 0:00:38]} Ng3+
{[%clk 0:00:32]} 42. Ke1 {[%clk 0:00:37]} Qe5 {[%clk 0:00:23]} 43. Qd4
{[%clk 0:00:43]} Qxd4 {[%clk 0:00:30]} 44. cxd4 {[%clk 0:00:50]} f5
{[%clk 0:00:31]} 45. Kf2 {[%clk 0:00:51]} Ne4+ {[%clk 0:00:32]} 46. Bxe4
{[%clk 0:00:29]} Bxe4 {[%clk 0:00:41]} 47. g3 {[%clk 0:00:21]} g5
{[%clk 0:00:49]} 48. h4 {[%clk 0:00:20]} gxh4 {[%clk 0:00:56]} 49. gxh4
{[%clk 0:00:29]} a5 {[%clk 0:00:22]} 50. Kg3 {[%clk 0:00:31]} Bd3
{[%clk 0:00:31]} 51. Nd5 {[%clk 0:00:26]} Be4 {[%clk 0:00:39]} 52. Ne3
{[%clk 0:00:25]} Bd3 {[%clk 0:00:47]} 53. Nd5 {[%clk 0:00:26]} Be4
{[%clk 0:00:56]} 54. Ne3 {[%clk 0:00:34]} Bd3 {[%clk 0:01:05]} 1/2-1/2

[Event "Russian Rapid Championship (m)"]
[Site "Sochi"]
[Date "2022.10.15"]
[Round "5.6"]
[White "Tsydypov, Zhamsaran"]
[Black "Afanasiev, Nikita"]
[Result "1/2-1/2"]
[BlackElo "2535"]
[WhiteElo "2554"]
[LiveChessVersion "1.4.8"]

1. e4 {[%clk 0:15:13]} g6 {[%clk 0:15:11]} 2. d4 {[%clk 0:15:14]} Bg7
{[%clk 0:15:20]} 3. Nc3 {[%clk 0:15:15]} d6 {[%clk 0:15:28]} 4. Be3
{[%clk 0:15:19]} a6 {[%clk 0:15:28]} 5. Bd3 {[%clk 0:15:26]} Nc6 {[%clk 0:15:23]}
6. d5 {[%clk 0:15:07]} Ne5 {[%clk 0:14:30]} 7. Be2 {[%clk 0:15:09]} Nf6
{[%clk 0:12:54]} 8. f4 {[%clk 0:15:16]} Ned7 {[%clk 0:12:57]} 9. Nf3
{[%clk 0:15:21]} O-O {[%clk 0:13:04]} 10. Nd4 {[%clk 0:14:49]} Nc5
{[%clk 0:12:04]} 11. Bf3 {[%clk 0:14:56]} e6 {[%clk 0:12:04]} 12. dxe6
{[%clk 0:14:47]} Nxe6 {[%clk 0:12:09]} 13. Nb3 {[%clk 0:14:40]} c6
{[%clk 0:11:36]} 14. Qd2 {[%clk 0:14:02]} a5 {[%clk 0:10:29]} 15. a4
{[%clk 0:14:04]} d5 {[%clk 0:10:31]} 16. e5 {[%clk 0:11:56]} Nd7 {[%clk 0:10:26]}
17. O-O-O {[%clk 0:11:51]} Nb6 {[%clk 0:08:37]} 18. Be2 {[%clk 0:10:39]} f6
{[%clk 0:08:21]} 19. exf6 {[%clk 0:10:46]} Bxf6 {[%clk 0:08:29]} 20. Rhf1
{[%clk 0:10:31]} 1/2-1/2

[Event "Russian Rapid Championship (m)"]
[Site "Sochi"]
[Date "2022.10.15"]
[Round "5.7"]
[White "Petrov, Nikita"]
[Black "Vetokhin, Savva"]
[Result "1/2-1/2"]
[BlackElo "2250"]
[WhiteElo "2496"]
[LiveChessVersion "1.4.8"]

1. e4 {[%clk 0:13:39]} e5 {[%clk 0:15:13]} 2. Nf3 {[%clk 0:13:47]} Nf6
{[%clk 0:15:21]} 3. Nxe5 {[%clk 0:13:55]} d6 {[%clk 0:15:30]} 4. Nf3
{[%clk 0:14:03]} Nxe4 {[%clk 0:15:38]} 5. Bd3 {[%clk 0:14:11]} Nf6
{[%clk 0:15:32]} 6. O-O {[%clk 0:14:07]} Be7 {[%clk 0:15:13]} 7. h3
{[%clk 0:14:15]} O-O {[%clk 0:15:04]} 8. c3 {[%clk 0:14:22]} d5 {[%clk 0:14:37]}
9. Bc2 {[%clk 0:14:29]} Nbd7 {[%clk 0:12:59]} 10. d4 {[%clk 0:14:37]} Ne4
{[%clk 0:12:37]} 11. Bf4 {[%clk 0:12:48]} Bd6 {[%clk 0:12:02]} 12. Bxd6
{[%clk 0:12:51]} Nxd6 {[%clk 0:12:09]} 13. Nbd2 {[%clk 0:12:32]} Nf6
{[%clk 0:12:03]} 14. Re1 {[%clk 0:11:54]} Bf5 {[%clk 0:11:55]} 15. Ne5
{[%clk 0:11:56]} Bxc2 {[%clk 0:11:56]} 16. Qxc2 {[%clk 0:12:05]} c6
{[%clk 0:11:55]} 17. Re3 {[%clk 0:11:52]} Nd7 {[%clk 0:11:09]} 18. Rae1
{[%clk 0:11:52]} Re8 {[%clk 0:10:59]} 19. Qd3 {[%clk 0:09:02]} f6
{[%clk 0:11:01]} 20. Ng4 {[%clk 0:08:49]} Rxe3 {[%clk 0:10:21]} 21. Qxe3
{[%clk 0:08:21]} Nf8 {[%clk 0:10:19]} 22. Qg3 {[%clk 0:07:39]} Nf5
{[%clk 0:10:04]} 23. Qd3 {[%clk 0:07:06]} Qd7 {[%clk 0:09:54]} 24. Nf1
{[%clk 0:06:33]} Nd6 {[%clk 0:08:41]} 25. Ng3 {[%clk 0:06:16]} Re8
{[%clk 0:08:43]} 26. Rxe8 {[%clk 0:05:07]} Qxe8 {[%clk 0:08:46]} 27. Ne3
{[%clk 0:05:10]} Ng6 {[%clk 0:08:45]} 28. Nef5 {[%clk 0:03:46]} Nxf5
{[%clk 0:08:15]} 29. Qxf5 {[%clk 0:03:52]} Kf7 {[%clk 0:08:20]} 30. Kf1
{[%clk 0:03:38]} Qe6 {[%clk 0:07:41]} 31. Qh5 {[%clk 0:03:22]} Kg8
{[%clk 0:07:49]} 32. Qf5 {[%clk 0:03:01]} Kf7 {[%clk 0:07:54]} 33. Qh5
{[%clk 0:03:09]} Kg8 {[%clk 0:08:03]} 34. Qf5 {[%clk 0:03:18]} Kf7
{[%clk 0:08:12]} 35. Qh5 {[%clk 0:03:05]} 1/2-1/2

[Event "Russian Rapid Championship (m)"]
[Site "Sochi"]
[Date "2022.10.15"]
[Round "5.8"]
[White "Chigaev, Maksim"]
[Black "Moiseenko, Vadim"]
[Result "1-0"]
[BlackElo "2429"]
[WhiteElo "2540"]
[LiveChessVersion "1.4.8"]

1. c4 {[%clk 0:15:18]} e6 {[%clk 0:15:14]} 2. g3 {[%clk 0:15:25]} d5
{[%clk 0:15:20]} 3. Bg2 {[%clk 0:15:33]} Nf6 {[%clk 0:15:21]} 4. Nf3
{[%clk 0:15:40]} dxc4 {[%clk 0:14:51]} 5. O-O {[%clk 0:15:38]} Nbd7
{[%clk 0:14:39]} 6. Qc2 {[%clk 0:15:42]} Nb6 {[%clk 0:14:24]} 7. a4
{[%clk 0:15:49]} a5 {[%clk 0:14:01]} 8. Na3 {[%clk 0:15:56]} c6 {[%clk 0:14:03]}
9. Nxc4 {[%clk 0:14:19]} Nxc4 {[%clk 0:14:10]} 10. Qxc4 {[%clk 0:14:27]} Qd5
{[%clk 0:14:18]} 11. Qc2 {[%clk 0:13:57]} Bb4 {[%clk 0:14:26]} 12. d4
{[%clk 0:13:53]} Qf5 {[%clk 0:14:09]} 13. Qc4 {[%clk 0:13:05]} O-O
{[%clk 0:13:57]} 14. Ne5 {[%clk 0:12:31]} Nd7 {[%clk 0:13:34]} 15. Nd3
{[%clk 0:12:15]} Be7 {[%clk 0:13:34]} 16. e4 {[%clk 0:12:18]} Qf6
{[%clk 0:13:29]} 17. Bf4 {[%clk 0:11:34]} Rd8 {[%clk 0:10:30]} 18. Bc7
{[%clk 0:11:02]} Re8 {[%clk 0:10:38]} 19. Rfd1 {[%clk 0:10:37]} Bd8
{[%clk 0:10:24]} 20. Bd6 {[%clk 0:10:11]} Bb6 {[%clk 0:10:32]} 21. e5
{[%clk 0:08:57]} Qf5 {[%clk 0:10:41]} 22. h4 {[%clk 0:08:01]} Ba7
{[%clk 0:09:52]} 23. Rac1 {[%clk 0:07:20]} Nb6 {[%clk 0:09:50]} 24. Qb3
{[%clk 0:07:19]} Nd5 {[%clk 0:09:54]} 25. Nc5 {[%clk 0:07:06]} b6
{[%clk 0:06:11]} 26. Ne4 {[%clk 0:07:13]} Bb7 {[%clk 0:05:55]} 27. Bc7
{[%clk 0:06:43]} Nxc7 {[%clk 0:04:46]} 28. Nd6 {[%clk 0:06:51]} Qg4
{[%clk 0:04:29]} 29. Nxb7 {[%clk 0:06:49]} b5 {[%clk 0:04:33]} 30. Nd6
{[%clk 0:05:07]} Red8 {[%clk 0:04:21]} 31. Bxc6 {[%clk 0:03:07]} bxa4
{[%clk 0:04:26]} 32. Qb7 {[%clk 0:02:57]} Bb8 {[%clk 0:04:06]} 33. Bf3
{[%clk 0:02:45]} Qg6 {[%clk 0:04:07]} 34. h5 {[%clk 0:02:44]} Qg5
{[%clk 0:04:14]} 35. Rxc7 {[%clk 0:02:46]} Ra7 {[%clk 0:04:22]} 36. Qxa7
{[%clk 0:02:40]} Bxa7 {[%clk 0:04:31]} 37. Rxa7 {[%clk 0:02:48]} f6
{[%clk 0:04:21]} 38. Nf7 {[%clk 0:02:13]} Qf5 {[%clk 0:04:28]} 39. Nxd8
{[%clk 0:02:21]} Qxf3 {[%clk 0:04:36]} 40. Rc1 {[%clk 0:02:23]} 1-0

[Event "Russian Rapid Championship (m)"]
[Site "Sochi"]
[Date "2022.10.15"]
[Round "5.9"]
[White "Obgolts, Erik"]
[Black "Rozum, Ivan"]
[Result "0-1"]
[BlackElo "2540"]
[WhiteElo "2397"]
[LiveChessVersion "1.4.8"]

1. e4 {[%clk 0:15:18]} c5 {[%clk 0:15:16]} 2. Nf3 {[%clk 0:15:26]} d6
{[%clk 0:15:25]} 3. d4 {[%clk 0:15:34]} cxd4 {[%clk 0:15:33]} 4. Nxd4
{[%clk 0:15:42]} Nf6 {[%clk 0:15:41]} 5. Nc3 {[%clk 0:15:51]} a6 {[%clk 0:15:49]}
6. Be3 {[%clk 0:15:59]} e5 {[%clk 0:15:57]} 7. Nf3 {[%clk 0:16:07]} Be7
{[%clk 0:16:05]} 8. Bc4 {[%clk 0:16:15]} Be6 {[%clk 0:16:07]} 9. Bb3
{[%clk 0:16:22]} Nbd7 {[%clk 0:16:14]} 10. O-O {[%clk 0:16:26]} Rc8
{[%clk 0:16:22]} 11. Qd3 {[%clk 0:16:35]} Qc7 {[%clk 0:15:22]} 12. a4
{[%clk 0:15:51]} O-O {[%clk 0:14:53]} 13. Rfd1 {[%clk 0:15:52]} Rfd8
{[%clk 0:14:25]} 14. Nd2 {[%clk 0:14:37]} Nc5 {[%clk 0:11:38]} 15. Bxc5
{[%clk 0:11:14]} Qxc5 {[%clk 0:09:09]} 16. Nf1 {[%clk 0:07:37]} Qb4
{[%clk 0:08:37]} 17. Ne3 {[%clk 0:06:18]} Bxb3 {[%clk 0:08:13]} 18. cxb3
{[%clk 0:06:26]} Qxb3 {[%clk 0:08:09]} 19. Ned5 {[%clk 0:06:34]} Nxd5
{[%clk 0:07:52]} 20. Nxd5 {[%clk 0:06:42]} Qxd3 {[%clk 0:07:58]} 21. Rxd3
{[%clk 0:06:50]} Bg5 {[%clk 0:05:52]} 22. Rb3 {[%clk 0:06:25]} Rb8
{[%clk 0:04:31]} 23. Rc3 {[%clk 0:04:42]} Rdc8 {[%clk 0:04:32]} 24. Raa3
{[%clk 0:04:51]} Kf8 {[%clk 0:03:57]} 25. Kf1 {[%clk 0:04:25]} Bd8
{[%clk 0:03:50]} 26. b4 {[%clk 0:03:56]} Ke8 {[%clk 0:03:42]} 27. Ke2
{[%clk 0:04:02]} Kd7 {[%clk 0:03:37]} 28. Kd3 {[%clk 0:04:05]} Rc6
{[%clk 0:03:37]} 29. b5 {[%clk 0:04:08]} Rxc3+ {[%clk 0:03:43]} 30. Rxc3
{[%clk 0:04:14]} axb5 {[%clk 0:03:50]} 31. axb5 {[%clk 0:04:22]} Ra8
{[%clk 0:03:58]} 32. b6 {[%clk 0:03:32]} Ra2 {[%clk 0:03:51]} 33. Rc2
{[%clk 0:01:32]} Rxc2 {[%clk 0:03:59]} 34. Kxc2 {[%clk 0:01:41]} Kc6
{[%clk 0:04:07]} 35. f3 {[%clk 0:01:41]} Bxb6 {[%clk 0:04:15]} 36. Ne7+
{[%clk 0:01:30]} Kc5 {[%clk 0:03:39]} 37. Nf5 {[%clk 0:01:17]} g6
{[%clk 0:03:43]} 38. Nh6 {[%clk 0:01:26]} f6 {[%clk 0:03:47]} 39. Ng4
{[%clk 0:01:33]} Bd8 {[%clk 0:03:42]} 40. Ne3 {[%clk 0:01:40]} Kd4
{[%clk 0:03:44]} 41. Nd5 {[%clk 0:01:33]} f5 {[%clk 0:03:47]} 0-1

[Event "Russian Rapid Championship (m)"]
[Site "Sochi"]
[Date "2022.10.15"]
[Round "5.10"]
[White "Pridorozhni, Aleksei"]
[Black "Khubukshanov, Erdem"]
[Result "0-1"]
[BlackElo "2421"]
[WhiteElo "2538"]
[LiveChessVersion "1.4.8"]

1. e4 {[%clk 0:15:19]} c5 {[%clk 0:15:18]} 2. Nf3 {[%clk 0:15:26]} d6
{[%clk 0:15:26]} 3. d4 {[%clk 0:15:34]} cxd4 {[%clk 0:15:33]} 4. Nxd4
{[%clk 0:15:43]} Nf6 {[%clk 0:15:41]} 5. Nc3 {[%clk 0:15:52]} a6 {[%clk 0:15:49]}
6. Bg5 {[%clk 0:15:59]} e6 {[%clk 0:15:56]} 7. Qe2 {[%clk 0:15:50]} Be7
{[%clk 0:15:54]} 8. h4 {[%clk 0:15:53]} h6 {[%clk 0:15:54]} 9. Be3
{[%clk 0:15:45]} b5 {[%clk 0:16:00]} 10. a3 {[%clk 0:15:37]} Bb7 {[%clk 0:16:02]}
11. f3 {[%clk 0:15:40]} Nbd7 {[%clk 0:16:08]} 12. Qd2 {[%clk 0:14:38]} d5
{[%clk 0:15:37]} 13. exd5 {[%clk 0:14:21]} Nxd5 {[%clk 0:15:44]} 14. Nxd5
{[%clk 0:14:13]} Bxd5 {[%clk 0:15:51]} 15. O-O-O {[%clk 0:14:14]} Bxh4
{[%clk 0:13:52]} 16. Nf5 {[%clk 0:14:15]} Bf6 {[%clk 0:12:59]} 17. Nd6+
{[%clk 0:14:22]} Kf8 {[%clk 0:13:06]} 18. Ne4 {[%clk 0:14:26]} Be7
{[%clk 0:12:24]} 19. g4 {[%clk 0:14:08]} Rc8 {[%clk 0:11:02]} 20. g5
{[%clk 0:12:32]} h5 {[%clk 0:11:08]} 21. g6 {[%clk 0:09:32]} Ne5 {[%clk 0:10:18]}
22. Bd4 {[%clk 0:08:45]} Nxf3 {[%clk 0:10:00]} 23. Qe2 {[%clk 0:06:12]} Nxd4
{[%clk 0:07:38]} 24. Rxd4 {[%clk 0:06:19]} Bg5+ {[%clk 0:07:47]} 25. Kd1
{[%clk 0:05:44]} Rc4 {[%clk 0:05:27]} 0-1

[Event "Russian Rapid Championship (m)"]
[Site "Sochi"]
[Date "2022.10.15"]
[Round "5.11"]
[White "Alekseev, Evgeny"]
[Black "Kryakvin, Dmitry"]
[Result "1-0"]
[BlackElo "2405"]
[WhiteElo "2533"]
[LiveChessVersion "1.4.8"]

1. e4 {[%clk 0:15:17]} c5 {[%clk 0:15:20]} 2. Nf3 {[%clk 0:15:25]} d6
{[%clk 0:15:19]} 3. Bb5+ {[%clk 0:15:33]} Bd7 {[%clk 0:15:37]} 4. c4
{[%clk 0:15:42]} Nf6 {[%clk 0:15:39]} 5. Nc3 {[%clk 0:15:51]} g6 {[%clk 0:15:25]}
6. d4 {[%clk 0:15:58]} cxd4 {[%clk 0:15:28]} 7. Nxd4 {[%clk 0:16:06]} Bg7
{[%clk 0:15:37]} 8. h3 {[%clk 0:16:07]} O-O {[%clk 0:15:22]} 9. O-O
{[%clk 0:16:14]} a6 {[%clk 0:14:38]} 10. Bxd7 {[%clk 0:16:21]} Nbxd7
{[%clk 0:14:47]} 11. b3 {[%clk 0:16:18]} Rc8 {[%clk 0:14:18]} 12. Bb2
{[%clk 0:16:25]} e6 {[%clk 0:13:59]} 13. Qe1 {[%clk 0:15:54]} Qc7
{[%clk 0:14:07]} 14. Rd1 {[%clk 0:15:50]} Rfd8 {[%clk 0:14:11]} 15. Qe2
{[%clk 0:14:51]} h6 {[%clk 0:09:30]} 16. Nf3 {[%clk 0:13:50]} Nh5
{[%clk 0:09:13]} 17. Na4 {[%clk 0:11:10]} Nhf6 {[%clk 0:05:08]} 18. Rd2
{[%clk 0:10:21]} b5 {[%clk 0:04:46]} 19. cxb5 axb5 20. Nc3 {[%clk 0:10:20]} Qa5
{[%clk 0:03:55]} 21. Nxb5 {[%clk 0:10:08]} Nxe4 {[%clk 0:03:28]} 22. Qxe4
{[%clk 0:10:07]} Qxb5 {[%clk 0:03:07]} 23. Bxg7 {[%clk 0:10:01]} Kxg7
{[%clk 0:03:02]} 24. Rxd6 {[%clk 0:09:57]} Nf6 {[%clk 0:02:52]} 25. Rxd8
{[%clk 0:09:03]} Nxe4 {[%clk 0:02:09]} 26. Rxc8 {[%clk 0:09:10]} g5
{[%clk 0:02:12]} 27. Re1 {[%clk 0:07:29]} f5 {[%clk 0:01:49]} 28. Rc4
{[%clk 0:05:01]} Qb6 {[%clk 0:01:10]} 29. Re2 {[%clk 0:03:54]} Kf6
{[%clk 0:00:50]} 30. Nd2 {[%clk 0:03:21]} Nd6 {[%clk 0:00:44]} 31. Rc1
{[%clk 0:03:23]} h5 {[%clk 0:00:24]} 32. Rce1 {[%clk 0:03:28]} Kf7
{[%clk 0:00:14]} 33. Rxe6 {[%clk 0:03:23]} Qd4 {[%clk 4:04:05]} 34. Nf3
{[%clk 0:03:23]} 1-0

[Event "Russian Rapid Championship (m)"]
[Site "Sochi"]
[Date "2022.10.15"]
[Round "5.12"]
[White "Turov, Maxim"]
[Black "Ivlev, Aleksey"]
[Result "1-0"]
[BlackElo "2401"]
[WhiteElo "2528"]
[LiveChessVersion "1.4.8"]

1. d4 {[%clk 0:15:18]} d5 {[%clk 0:15:19]} 2. c4 {[%clk 0:15:27]} c6
{[%clk 0:15:29]} 3. Nc3 {[%clk 0:15:34]} Nf6 {[%clk 0:15:37]} 4. Nf3
{[%clk 0:15:43]} e6 {[%clk 0:15:46]} 5. e3 {[%clk 0:15:16]} Nbd7 {[%clk 0:15:53]}
6. Qc2 {[%clk 0:15:25]} Bd6 {[%clk 0:16:00]} 7. b3 {[%clk 0:15:32]} O-O
{[%clk 0:15:50]} 8. Bb2 {[%clk 0:15:38]} Qe7 {[%clk 0:15:55]} 9. Be2
{[%clk 0:15:18]} b6 {[%clk 0:15:49]} 10. O-O {[%clk 0:15:23]} Bb7
{[%clk 0:15:56]} 11. Rad1 {[%clk 0:15:29]} Rad8 {[%clk 0:15:38]} 12. Rfe1
{[%clk 0:15:33]} dxc4 {[%clk 0:14:04]} 13. Bxc4 {[%clk 0:14:19]} c5
{[%clk 0:12:45]} 14. d5 {[%clk 0:12:25]} Ne5 {[%clk 0:10:36]} 15. Nxe5
{[%clk 0:12:05]} exd5 {[%clk 0:08:28]} 16. Nxd5 {[%clk 0:10:58]} Bxd5
{[%clk 0:08:02]} 17. e4 {[%clk 0:08:48]} Bxc4 {[%clk 0:06:06]} 18. Nxc4
{[%clk 0:08:55]} Bc7 {[%clk 0:05:31]} 19. f3 {[%clk 0:07:27]} Rxd1
{[%clk 0:04:29]} 20. Rxd1 {[%clk 0:07:35]} Rd8 {[%clk 0:04:26]} 21. Ne3
{[%clk 0:07:35]} Rxd1+ {[%clk 0:02:45]} 22. Qxd1 {[%clk 0:07:40]} Be5
{[%clk 0:02:53]} 23. Nf5 {[%clk 0:06:20]} Qc7 {[%clk 0:02:57]} 24. Bxe5
{[%clk 0:06:22]} Qxe5 {[%clk 0:03:05]} 25. Qd8+ {[%clk 0:06:30]} Ne8
{[%clk 0:02:38]} 26. Qe7 {[%clk 0:06:08]} Qb8 {[%clk 0:00:54]} 27. e5
{[%clk 0:05:59]} Nc7 {[%clk 0:00:13]} 28. Nd6 {[%clk 0:06:07]} b5
{[%clk 0:00:14]} 29. Qxf7+ {[%clk 0:06:11]} Kh8 {[%clk 0:00:23]} 30. Nf5
{[%clk 0:06:04]} Qg8 {[%clk 0:00:22]} 31. Qxc7 {[%clk 0:06:11]} 1-0

[Event "Russian Rapid Championship (m)"]
[Site "Sochi"]
[Date "2022.10.15"]
[Round "5.13"]
[White "Ponkratov, Pavel"]
[Black "Nevostrujev, Vladimir"]
[Result "1-0"]
[BlackElo "2375"]
[WhiteElo "2518"]
[LiveChessVersion "1.4.8"]

1. e4 {[%clk 0:15:18]} c5 {[%clk 0:15:17]} 2. Nf3 {[%clk 0:15:26]} d6
{[%clk 0:15:19]} 3. d4 {[%clk 0:15:33]} cxd4 {[%clk 0:15:27]} 4. Nxd4
{[%clk 0:15:41]} Nf6 {[%clk 0:15:35]} 5. Nc3 {[%clk 0:15:50]} a6 {[%clk 0:15:27]}
6. h3 {[%clk 0:15:57]} e6 {[%clk 0:14:41]} 7. g4 {[%clk 0:16:05]} d5
{[%clk 0:14:42]} 8. exd5 {[%clk 0:15:51]} Nxd5 {[%clk 0:14:44]} 9. Nde2
{[%clk 0:15:55]} Nxc3 {[%clk 0:13:33]} 10. Qxd8+ {[%clk 0:16:03]} Kxd8
{[%clk 0:13:42]} 11. Nxc3 {[%clk 0:16:11]} Bd7 {[%clk 0:13:43]} 12. Be3
{[%clk 0:15:29]} Bc6 {[%clk 0:13:10]} 13. O-O-O+ {[%clk 0:15:35]} Nd7
{[%clk 0:12:24]} 14. Rg1 {[%clk 0:15:42]} Kc7 {[%clk 0:08:29]} 15. Ne2
{[%clk 0:15:03]} Bd6 {[%clk 0:05:55]} 16. Nd4 {[%clk 0:14:01]} Bh2
{[%clk 0:04:05]} 17. Nxc6 {[%clk 0:14:08]} Bxg1 {[%clk 0:04:13]} 18. Bf4+
{[%clk 0:14:17]} Kxc6 {[%clk 0:04:10]} 19. Bg2+ {[%clk 0:14:26]} Kc5
{[%clk 0:02:48]} 20. Rxd7 {[%clk 0:11:17]} Bxf2 {[%clk 0:01:48]} 21. Rc7+
{[%clk 0:11:25]} Kd4 {[%clk 0:01:17]} 22. Kd2 {[%clk 0:11:24]} Kd5 1-0